| 000 | 00605nam a22001937a 4500 | ||
|---|---|---|---|
| 003 | DO-CoUTE | ||
| 005 | 20260601131220.0 | ||
| 008 | 260601b dr ||||| |||| 00| 0 spa d | ||
| 040 |
_aDO-CoUTE _bspa _cDO-CoUTE |
||
| 082 | _aRD861.44L429C | ||
| 100 | 1 |
_aCalderón Lázala, Bélgica _eAutor |
|
| 245 | 1 | 0 |
_aCorazoncitos Corazoncitos / _cBélgica Lázala Calderón |
| 260 |
_aRepublica Dominicana ; _bSantuario _c2025 |
||
| 300 |
_a79 Paginas _c22cm, |
||
| 504 | _aIncluye referencia bibliográfica e índice. | ||
| 650 | 4 | _aPoema | |
| 700 | 1 |
_aBelgica Lazala Calderon _eAutor |
|
| 942 |
_2ddc _cBK |
||
| 999 |
_c24247 _d24247 |
||